Aportes de la microbiología a la producción de cultivos /

Guardado en:
Autor Corporativo: Jornada del Instituto de Investigaciones en Biociencias Agrícolas y Ambientales Buenos Aires)
Otros Autores: Díaz-Zorita, Martín., Correa, Olga S., Fernández Canigia, María Virginia., Lavado, Raúl S.
Formato: Libro
Idioma:Spanish
Publicado: Buenos Aires : Editorial de la Facultad de Agronomía, UBA, 2013.
Edición:1a ed.
Materias:
Etiquetas: Agregar Etiqueta
Sin Etiquetas, Sea el primero en etiquetar este registro!
LEADER 00944nam a22002175a 4500
001 EEA.libagro011012
005 20181008125705.0
008 180731s2013####ag############100#0#spa#d
082 0 4 |a 576 
111 2 |a Jornada del Instituto de Investigaciones en Biociencias Agrícolas y Ambientales  |n (3 :  |d 6-7 de jun. 2013 :  |c Buenos Aires) 
245 1 0 |a Aportes de la microbiología a la producción de cultivos /  |c editores: Martín Díaz-Zorita, Olga S. Correa, M.V. Fernández Canigia, Raúl S. Lavado. 
250 |a 1a ed. 
260 |a Buenos Aires :  |b Editorial de la Facultad de Agronomía, UBA,  |c 2013. 
300 |a x, 210 p. :  |b il., fot. byn, mapas ;  |c 23 cm. 
650 7 |a Ciencia del suelo  |2 agrovoc 
650 7 |a Microorganismos del suelo  |2 agrovoc 
700 1 |a Díaz-Zorita, Martín. 
700 1 |a Correa, Olga S. 
700 1 |a Fernández Canigia, María Virginia. 
700 1 |a Lavado, Raúl S. 
859 |a AR-BbBCA  |b BIB. AGRONOMIA  |h 576  |i D542  |p 2018/6936